Normale Ansicht MARC-Ansicht ISBD

Wir sind das Geld : (Titelsatznr. 10415)

[ MARC ]
MARC-Details
000 -Satzkennung
Kontrollfeld mit fester Länge 00835nam a22002771c 4500
001 - Kontrollnummer
Kontrollfeld 118885235
008 - Feld mit fester Länge zur physischen Beschreibung - Allgemeine Angaben
Kontrollfeld mit fester Länge 170608s1990 gw |||| 000u ger d
020 ## - Internationale Standardbuchnummer
Internationale Standardbuchnummer 3499129256
Verknüpfung 3-499-12925-6
041 ## - Sprachcode
Sprachcode des Textes/der Tonspur oder des separaten Titels ger
040 ## - Katalogisierungsquelle
Übertragungsstelle RU-10907106
003 - Kontrollnummer Identifier
Kontrollfeld RU-10907106
245 00 - Titel
Titel Wir sind das Geld :
Zusatz zum Titel wie die Westdeutschen die DDR aufkaufen /
Verfasserangabe etc. Klaus Humann (Hg.)
250 ## - Ausgabebezeichnung
Ausgabebezeichnung Orig.-Ausg.
264 ## - Produktion, Veröffentlichung, Distribution, Herstellung und Urheberrechtsvermerk
Herstellungs-, Veröffentlichungs- Vertriebs-, Erzeugungsort Reinbek bei Hamburg :
Produzent, Herausgeber, Distributor, Hersteller Rowohlt,
Datum der Herstellung, der Veröffentlichung, des Vertriebs oder des Urheberschutzvermerks 1990
300 ## - Physische Beschreibung
Umfang 190 S. : graph. Darst.
490 #0 - Gesamttitelangabe
Gesamttitelangabe rororo : rororo aktuell
Bandnummer/Folgebezeichnung 12925
650 #0 - Nebeneintragung unter einem Schlagwort - Sachschlagwort
Sachschlagwort oder geografischer Name als Eintragungselement Kapitalismus
650 #0 - Nebeneintragung unter einem Schlagwort - Sachschlagwort
Sachschlagwort oder geografischer Name als Eintragungselement Expansion
650 #0 - Nebeneintragung unter einem Schlagwort - Sachschlagwort
Sachschlagwort oder geografischer Name als Eintragungselement Wirtschaft
651 #0 - Nebeneintragung unter einem Schlagwort - Geografischer Name
Geografischer Name Deutschland
651 #0 - Nebeneintragung unter einem Schlagwort - Geografischer Name
Geografischer Name Deutschland (DDR)
651 #0 - Nebeneintragung unter einem Schlagwort - Geografischer Name
Geografischer Name Deutschland (BRD)
700 1# - Nebeneintragung - Personenname
Personenname Humann, Klaus
Funktionsbezeichnung HerausgeberIn
856 4# - Elektronische Adresse und Zugriff
URL <a href="http://www.gbv.de/dms/hbz/toc/ht003878804.pdf">http://www.gbv.de/dms/hbz/toc/ht003878804.pdf</a>
OPAC-Notiz Inhaltsverzeichnis
942 ## - Zusätzliche Felder (Koha)
Koha-Medientyp Monographien
Exemplare
Ausgeschieden Verloren Klassifikation oder Aufstellungssystematik Beschädigt Nicht entleihbar Heimatbibliothek Aufenthaltsbibliothek Aufstellungsort Erwerbungsdatum Inventarnummer Signatur Barcode Letzte Aktivität Preis gültig von Koha-Medientyp
    Andere/Generische Klassifikation     MWN Osteuropa MWN Osteuropa Lesesaal - 1 08/06/2017 17-03002 D 54 k Hum E00401509E32E839 23/02/2021 22/03/2021 Monographien